| 000 | 01178cam a22002894a 4500 | ||
|---|---|---|---|
| 999 |
_c26505 _d26505 |
||
| 001 | 14003607 | ||
| 005 | 20170204142810.0 | ||
| 008 | 050615s2006 ohua 001 0 eng | ||
| 010 | _a 2005017355 | ||
| 020 | _a1581807643 (alk. paper) | ||
| 040 |
_aDLC _cDLC _dDLC |
||
| 042 | _apcc | ||
| 050 | 0 | 0 |
_aNC880 _b.P87 2006 |
| 245 | 0 | 0 |
_aPure color : _bthe best of pastel / _cedited by Maureen Bloomfield and James A. Markle. |
| 250 | _a1st ed. | ||
| 260 |
_aCincinnati, Ohio : _bNorth Light Books, _cc2006. |
||
| 300 |
_a143 p. : _bcol. ill. ; _c32 cm. |
||
| 500 | _aIncludes index. | ||
| 505 | 0 | _aStill lifes -- Figures & faces -- Landscapes -- Light, reflection, & shadows. | |
| 650 | 0 |
_aPastel drawing _xTechnique. |
|
| 700 | 1 |
_aBloomfield, Maureen, _d1950- |
|
| 700 | 1 | _aMarkle, James. | |
| 942 |
_2lcc _cBOOKS _hNC880 .P87 2006 |
||